00690nam a2200193Ia 4500003000900000008004100009020001700050040001600067080001600083100002400099245010300123260004100226300001000267650004100277650003600318942000700354999001500361952012000376IN-BaIIA211028s9999 xx 000 0 eng d a08311-1044-9 cIIA Library a621-34bBUC aBuckingham, E99385 0aManual of gear designbsection threecE. Buckingham  aNew YorkbThe Industrial Pressc1964 a172p. aAstronomy and astrophysics thesaurus aManual gear design manual99386 cBK c5394d5394 00104070aBANbBANcGENd1977-01-18g145.50l0o621-34/ BUCp6025r2021-11-05v145.50w1977-01-18yBKGRs. 145.50